000 00194 a2200097 4500
020 _a9781455536894
041 _aeng
100 _aPreston, Douglas
245 _aThe obsidian chamber
942 _cBK
999 _c31908
_d31906